000
00317nam a22001457a 4500
008
221024b ||||| |||| 00| 0 eng d
020
_a
9781437709803
041
_a
eng
080
_2
EIGHTH EDITION
_a
61
082
_a
61 KRE
100
_a
5
101
_a
MJEK
245
_a
SONOGRAPHY
_c
KREMKAU F
942
_2
udc
_c
BK
999
_c
58653
_d
58653